El sueño seguido de Cómo se comportó Ovidio estando enamorado y otros escritos

Salvato in:
Dettagli Bibliografici
Autore principale: Metge, Bernat (autor)
Natura: Libro
Lingua:spagnolo
Pubblicazione: Barcelona Iberia S. A 1962
Edizione:1a. ed
Serie:Obras Maestras
Soggetti:
Tags: Aggiungi Tag
Nessun Tag, puoi essere il primo ad aggiungerne!!

MARC

LEADER 00000cam a2200000 a 4500
001 UCE4229
003 CL-VaPUC
008 141016e19620000sp |||||||||||||||||spa|d
082 0 4 |a 128.5  |b MET  |2 21 
100 |a Metge, Bernat  |e autor  |9 576800 
245 1 3 |a El sueño seguido de Cómo se comportó Ovidio estando enamorado y otros escritos 
250 |a 1a. ed 
300 |a 170 p 
942 |c BK 
945 |d 20141016 12:02:00  |a dcastane 
260 |a Barcelona  |b Iberia S. A  |c 1962 
600 0 |a Ovidio Nasón, Publio,  |d  43 A.C.-17 D.C.  |9 440649 
650 7 |a INMORTALIDAD  |2 CL-VaPUC  |9 320467 
650 0 |a Antropología filosófica  |9 265842 
650 0 |a Muerte  |9 265114 
583 |a last modification  |c 20141016 12:02:00  |k Rodrigo Vera 
490 0 |a Obras Maestras 
999 |c 357257  |d 357255 
952 |0 0  |1 0  |3 erd  |4 0  |6 128_500000000000000_MET_1962  |7 0  |8 A  |9 465125  |a BIBART  |b BIBART  |i 5039517  |o 128.5 MET 1962  |p 5039517  |r 2025-03-13  |w 2019-11-23  |y BK  |z Catalogado en:20141016  |k ART